|
|
|
|
| LEADER |
00000cas a2200000 a 4500 |
| 001 |
vtls010302518 |
| 003 |
SK-MaSNL |
| 005 |
20260228162857.0 |
| 008 |
110810d19531958xo wr|p 0 b0slo |
| 040 |
|
|
|a SNK
|b slo
|c SNK
|e AACR2
|
| 041 |
0 |
|
|a slo
|a hun
|
| 044 |
|
|
|a xo
|c SK
|
| 072 |
|
7 |
|a 626/627
|x Vodné staviteľstvo. Vodné hospodárstvo
|2 konspekt
|
| 072 |
|
7 |
|a 556
|x Hydrológia
|2 konspekt
|
| 080 |
|
|
|a 556
|2 2001
|
| 080 |
|
|
|a 626/628
|2 2001
|
| 080 |
|
|
|a 050
|2 2001
|
| 245 |
0 |
0 |
|a Vodostav
|b časopis zamestnancov Vodostavu, n. p. Bratislava
|
| 260 |
|
|
|a Bratislava
|b ZO KSS, ZS ROH, ZS ČSM
|c 1953-1958
|
| 300 |
|
|
|a 6 zv.
|c 30-42 cm
|
| 310 |
|
|
|a 1x týždenne
|b 1/1956-13/1958
|
| 321 |
|
|
|a 2x mesačne
|b 1/1952-24/1955
|
| 362 |
0 |
|
|a Roč. I, č. 1 (9.3.1953)-roč. VI, č. 13 (30.3.1958)
|
| 500 |
|
|
|a Redaktori sa menia
|
| 500 |
|
|
|a Tlač. Merkantilné tlačiarne, n. p., Bratislava, záv. Malacky, od 14/(5. mája 1956) záv. Bratislava
|
| 546 |
|
|
|a Čiast. text aj maď.
|
| 650 |
0 |
7 |
|a vodné hospodárstvo
|2 SNKPH
|9 759
|
| 650 |
0 |
7 |
|a hydrológia
|2 SNKPH
|9 853
|
| 655 |
|
7 |
|a podnikové časopisy
|2 SNKPH
|9 265225
|
| 785 |
0 |
4 |
|t Doprastav
|w vtls008702530
|
| 910 |
|
|
|a snk
|
| 916 |
|
|
|a 1953-1958
|
| 999 |
|
|
|c 8488
|d 10418
|
| 952 |
|
|
|0 0
|1 0
|4 0
|7 0
|a SNK
|b SNK
|d 2015-01-22
|f 1
|i snkII. 1311/54
|l 0
|o snkČSA 401/1/1953
|p 17A0767688
|r 2026-02-21 20:13:39
|t č. 1-11, neúpl.
|w 2026-02-21
|y PREZ
|z chýba č. 9-10
|
| 952 |
|
|
|0 0
|1 0
|4 0
|7 0
|a SNK
|b SNK
|d 2015-01-22
|f 1
|i snkČSP 822/58
|l 0
|o snkČSA 401/5/1957
|p 17A0767691
|r 2026-02-21 20:13:39
|t č. 1-52
|w 2026-02-21
|y PREZ
|
| 952 |
|
|
|0 0
|1 0
|4 0
|7 0
|a SNK
|b SNK
|d 2015-01-22
|f 1
|i snkII. 1546/55
|l 0
|o snkČSA 401/2/1954
|p 17A0767687
|r 2026-02-21 20:13:40
|t č. 1-24
|w 2026-02-21
|y PREZ
|
| 952 |
|
|
|0 0
|1 0
|4 0
|7 0
|a SNK
|b SNK
|d 2015-01-22
|f 1
|i snkČSP 174/56
|l 0
|o snkČSA 401/3/1955
|p 17A0767689
|r 2026-02-21 20:18:47
|t č. 1-24
|w 2026-02-21
|y PREZ
|
| 952 |
|
|
|0 0
|1 0
|4 0
|7 0
|a SNK
|b SNK
|d 2015-01-22
|f 1
|i snkČSP 387/57
|l 0
|o snkČSA 401/4/1956
|p 17A0767690
|r 2026-02-21 20:52:16
|t č. 1-50
|w 2026-02-21
|y PREZ
|
| 952 |
|
|
|0 0
|1 0
|4 0
|7 0
|a SNK
|b SNK
|d 2015-01-22
|f 1
|i snkČSP 845/59
|l 0
|o snkČSA 401/6/1958
|p 17A0767692
|r 2026-02-21 20:52:16
|t č. 1-13
|w 2026-02-21
|y PREZ
|